000 00961nam a2200217 a 4500
001 000041560
005 20201002035635.0
008 131011s1993 sp 001 0 spa d
020 _a8460086909
040 _aDO-SdBNP
_bspa
_cBNPHU
082 _axxxx
_bxxxx
100 1 _aIbn Àsim
_968302
245 1 0 _aKitab al-anwa'wa-l-azmina - al-Qawl fi l-suhur =(trado sobre los anwa' y los tiempos - capítulo sobre los meses -) /
_cIbn Àsim (m. 403/1013) ; Estudio, traducción y edición crítica por Miquel Forcada Nogués.
260 _aBarcelona :
_bConsejo Superior de Investigaciones Científica,
_bInstituto de Cooperación con el Mundo Árabe,
_c1993.
300 _a279, 72 p. ;
_c24 cm.
490 1 _aFuentes Arábigo-Hispanas
_v15
500 _aIncluye referencias bibliográficas y notas al pie de las páginas
504 _aBibliografía: p. 270-279
700 1 2 _aForcada Nogués, Miquel
_etr.
_968303
830 0 _aFuentes Arábigo-Hispanas ;
_n15
_968304
999 _c41050
_d41050